000 00217nam a22000857a 4500
008 170112b xxu||||| |||| 00| 0 eng d
100 _92362
_aChauhan.S.R.S.
245 _aEnglish grammar-6
260 _aNew Delhi
_bJ.B.P.
_c2010
999 _c5333
_d5333